banner-ar

من اين ياتى ماء الصنبور ؟ / (Record no. 61448)

MARC details
000 -الفاتح
حقل البيانات ثابتة الطول 01182nam a22002897a 4500
005 - وقت وتاريخ اخر تعامل مع التسجيلة
رقم الضبط 20240530110500.0
008 - عناصر البيانات ثابتة الطول - معلومات عامة
حقل البيانات ثابتة الطول 150625s2011 ua aobka 000 0 ara d
017 ## - رقم الايداع القانونى
رقم الايداع القانونى 2010/20786
المصدر ( الهيئة المختصة) مصر . دار الكتب المصرية
020 ## - الرقم الدولى المعيارى للكتب
الرقم الدولى المعيارى للكتاب 9776171273
040 ## - مصدر الفهرسة
وكالة الفهرسة الأصلية EG-CaGPL
082 04 - رقم تصنيف ديوى العشرى
رقم الطبعة 21
رقم التصنيف 001.2
رقم المادة ط/د م
100 1# - المدخل الرئيسى - إسم شخصى
الإسم الشخصى هاريل ، كارين
245 10 - بيان العنوان
العنوان من اين ياتى ماء الصنبور ؟ /
بيان المسئوليه,etc تاليف كارين هاريل ؛ رسومات شارل دوتارتر ؛ ترجمة محمد فؤاد ؛ مراجعة ميريام رزق الله
250 ## - بيان الطبعة
بيان الطبعة ط1
260 ## - PUBLICATION, DISTRIBUTION, ETC. (IMPRINT)
تاريخ النشر أو التوزيع 2011 .
300 ## - الوصف المادى
التعداد ( د.ت ) :
تفاصيل ماديه اخرى للوعاء ايض ؛
أبعاد الوعاء 20 سم .
490 ## - بيان السلسلة
عنوان السلسلة ملف الاستكشاف
650 04 - المدخل الاضافى بالموضوع-مصطلح موضوعى
مصطلح موضوعي كتب الاطفال
650 04 - المدخل الاضافى بالموضوع-مصطلح موضوعى
مصطلح موضوعي تعليم الاطفال
650 04 - المدخل الاضافى بالموضوع-مصطلح موضوعى
مصطلح موضوعي المياه
التقسيم الفرعي العام كتب الاطفال
650 04 - المدخل الاضافى بالموضوع-مصطلح موضوعى
مصطلح موضوعي المعرفة
التقسيم الفرعي العام كتب الاطفال
700 1# - المدخل الاضافى - اسم شخصى
الإسم الشخصى دوتارتر ، شارل
الدور رسام
700 0# - المدخل الاضافى - اسم شخصى
الإسم الشخصى محمد فؤاد
الدور مترجم
700 0# - المدخل الاضافى - اسم شخصى
الإسم الشخصى ميريام رزق الله
الدور مراجع
942 ## - عناصر المدخل الإضافي( كوها)
مصدر التصنيف او مخطط الترفيف Dewey Decimal Classification
Koha [default] item type كتاب
260 ## - PUBLICATION, DISTRIBUTION, ETC. (IMPRINT)
-- القاهرة :
-- دار البلسم للنشر و التوزيع ،
Holdings
حالة التراجع حالة الفقد حالة تلف ليس للاعارة المكان المؤقت الموقع الحالى تاريخ الاكتساب اجمالي اﻻعارات رقم الطلب الباركود تاريخ اخر مشاهدة تاريخ تفعيل السعر نوع وعاء كوها تبصرة عامة
        مكتبة القاهرة الكبرى مكتبة القاهرة الكبرى 06/25/2015   001.2 ط/د م 160745 06/25/2015 06/25/2015 كتاب تم توحيد الرقم على اساس الناشر و السلسلة

Powered By

EGPV